| 000 | 00431nam a2200181Ia 4500 | ||
|---|---|---|---|
| 005 | 20240823015540.0 | ||
| 008 | 240823s9999||||xx |||||||||||||| ||und|| | ||
| 041 | _aENGLISH | ||
| 082 | _A620110287 N5 | ||
| 100 | _aSurender K et al. | ||
| 245 | 0 | _aEngineering Measurements | |
| 250 | _a1st | ||
| 260 |
_c1995 _b"Satya Prakashan,New " |
||
| 500 | _aYES | ||
| 650 |
_aMeasurement _bMechanical |
||
| 942 | _cBK | ||
| 999 |
_c172680 _d172680 |
||